Photosystem II electron flow as a measure for phytoplankton gross primary production

Gardado en:
Detalles Bibliográficos
Autor Principal: Geel, Corine
Formato: Libro
Idioma:Undetermined
Publicado: Wageningen Wageningen Agricultural Univ 1997
Những chủ đề:
Các nhãn: Engadir etiqueta
Sen Etiquetas, Sexa o primeiro en etiquetar este rexistro!
Thư viện lưu trữ: Trung tâm Học liệu Trường Đại học Cần Thơ
LEADER 00538nam a2200181Ia 4500
001 CTU_38892
008 210402s9999 xx 000 0 und d
082 |a 589.4 
082 |b G297 
100 |a Geel, Corine 
245 0 |a Photosystem II electron flow as a measure for phytoplankton gross primary production 
245 0 |c Corine Geel 
260 |a Wageningen 
260 |b Wageningen Agricultural Univ 
260 |c 1997 
650 |a Phytoplankton 
904 |i Thanh, 981022 
980 |a Trung tâm Học liệu Trường Đại học Cần Thơ